Huasipungo
Bewaard in:
| Hoofdauteur: | |
|---|---|
| Formaat: | Boek |
| Taal: | Spaans |
| Gepubliceerd in: |
Barcelona
Plaza & Janes
1980
|
| Editie: | 2a. ed |
| Onderwerpen: | |
| Tags: |
Voeg label toe
Geen labels, Wees de eerste die dit record labelt!
|
MARC
| LEADER | 00000nam a2200000 a 4500 | ||
|---|---|---|---|
| 001 | UCQ6835 | ||
| 003 | CL-VaPUC | ||
| 008 | 981023e19800000SP |||||||||||||||||spa|d | ||
| 082 | 0 | 4 | |a Ec863 |b ICA |2 21 |
| 100 | |a Icaza, Jorge |e author |9 420772 | ||
| 245 | 1 | 0 | |a Huasipungo |
| 250 | |a 2a. ed | ||
| 300 | |a 189 p | ||
| 942 | |c BK | ||
| 945 | |d 19981023 00:00:00 |a crobeson | ||
| 260 | |a Barcelona |b Plaza & Janes |c 1980 | ||
| 650 | 7 | |a NOVELAS ECUATORIANAS |2 CL-VaPUC |9 326824 | |
| 650 | 7 | |a LITERATURA ECUATORIANA |2 CL-VaPUC |9 419346 | |
| 583 | |a last modification |c 19981023 00:00:00 |k Rodrigo Vera | ||
| 999 | |c 276739 |d 276737 | ||
| 952 | |0 0 |1 0 |4 0 |6 EC_863_000000000000000_ICA_1980 |7 0 |8 A |9 314182 |a BIBEDU |b BIBEDU |d 2019-11-20 |i 1484230 |o Ec863 ICA 1980 |p 1484230 |r 2019-11-20 |w 2019-11-20 |y BK |k LIT | ||
| 952 | |0 0 |1 0 |4 0 |6 EC_863_000000000000000_ICA_1980 |7 0 |8 A |9 314183 |a BIBEDU |b BIBEDU |d 2019-11-20 |i 1484249 |o Ec863 ICA 1980 |p 1484249 |r 2019-11-20 |w 2019-11-20 |y BK |k LIT | ||